000 00450nam a22001577a 4500
005 20231123062930.0
008 231123b |||||||| |||| 00| 0 eng d
041 _aEnglish / Afrikaans
082 _a342.2 SOU
100 _lEnglish / Afrikaans
245 _aPress Statement of the South African Law Commission
260 _c1990
300 _b2 pages ;
_c31 cm.
650 _aLegal practice
_bLaw
942 _cBK
_6ALISON_BN_VRIES
999 _c864
_d864